[Event "1. liga V 18/19, Ostrava-Gordic"]
[Site ""]
[Date "2018.11.25"]
[Round "3.1"]
[White "Caletka, Radomir"]
[Black "Zwardon, Vojtech"]
[Result "0-1"]
[WhiteElo "2301"]
[BlackElo "2453"]
[PlyCount "0"]
[WhiteTeam "TJ Ostrava"]
[BlackTeam "SK Gordic"]
[EventDate "2018.10.21"]

1. e4 c5 2. Nf3 Nc6 3. Bb5 g6 4. O-O Bg7 5. Re1 e5 6. Bxc6 dxc6 7. d3 b6 8. a3
Ba6 9. Nbd2 Qd6 10. b4 Nf6 11. bxc5 Qxc5 12. a4 Qd6 13. Ba3 Qc7 14. d4 Nd7 15.
c3 c5 16. d5 O-O 17. c4 Nf6 18. Bb2 Ne8 19. a5 f6 20. axb6 axb6 21. Re3 Nd6 22.
Rea3 Bb7 23. Qb3 Bh6 24. Bc3 Rxa3 25. Rxa3 Ra8 26. Rxa8+ Bxa8 27. Qa4 Bb7 28.
h3 Bc8 29. Kf1 Bd7 30. Qa8+ Qc8 31. Qa1 Nxc4 32. Nxc4 Bb5 33. Kg1 Bxc4 34. Qa7
Qd8 35. Bxe5 fxe5 36. Nxe5 Bxd5 37. exd5 Qxd5 38. Ng4 Qd1+ 39. Kh2 Qd6+ 40. g3
Bg7 41. Qa8+ Qf8 42. Qd5+ Kh8 43. f4 Bd4 44. Kg2 b5 45. Ne5 Qe7 46. Kf3 b4 47.
Ke4 Kg7 48. g4 g5 49. Kd3 gxf4 50. Nf3 Qf7 0-1

[Event "1. liga V 18/19, Ostrava-Gordic"]
[Site ""]
[Date "2018.11.25"]
[Round "3.3"]
[White "Malik, Jan"]
[Black "Karasek, Lukas"]
[Result "1-0"]
[WhiteElo "2316"]
[BlackElo "2298"]
[PlyCount "0"]
[WhiteTeam "TJ Ostrava"]
[BlackTeam "SK Gordic"]
[EventDate "2018.10.21"]

1. e4 e6 2. d4 d5 3. Nd2 Nf6 4. e5 Nfd7 5. Bd3 c5 6. c3 Nc6 7. Ne2 cxd4 8. cxd4
f6 9. exf6 Qxf6 10. Nf3 h6 11. O-O Bd6 12. Ng3 O-O 13. Bc2 Rd8 14. Re1 Nf8 15.
Ne5 Bd7 16. f4 Be8 17. Be3 Rac8 18. a3 Rc7 19. Bd3 Ne7 20. Qg4 Bg6 21. Nh5 Bxh5
22. Qxh5 Nf5 23. Bf2 Bxe5 24. fxe5 Qf7 25. Qg4 Ng6 26. Rf1 Rf8 27. Be1 Nge7 28.
Bb4 b6 29. Rf3 a5 30. Bxe7 Rxe7 31. Raf1 g6 32. Bxf5 1-0

[Event "1. liga V 18/19, Ostrava-Gordic"]
[Site ""]
[Date "2018.11.25"]
[Round "3.4"]
[White "Piza, Vlastimil"]
[Black "Michenka, Jozef"]
[Result "1/2-1/2"]
[WhiteElo "2236"]
[BlackElo "2281"]
[PlyCount "0"]
[WhiteTeam "SK Gordic"]
[BlackTeam "TJ Ostrava"]
[EventDate "2018.10.21"]

1. e4 c5 2. Nf3 d6 3. d4 cxd4 4. Nxd4 Nf6 5. Nc3 a6 6. f4 e5 7. Nf3 Qc7 8. a4
Be7 9. Bd3 exf4 10. Bxf4 Nc6 11. Qd2 Be6 12. O-O O-O 13. Kh1 Rfe8 14. Rae1 Ne5
15. Nd4 Rac8 16. Nf5 Bf8 17. Be3 Nfg4 1/2-1/2

[Event "1. liga V 18/19, Ostrava-Gordic"]
[Site ""]
[Date "2018.11.25"]
[Round "3.5"]
[White "Brecka, Ivan"]
[Black "Seidl, Stepan"]
[Result "1-0"]
[WhiteElo "2330"]
[BlackElo "2191"]
[PlyCount "0"]
[WhiteTeam "TJ Ostrava"]
[BlackTeam "SK Gordic"]
[EventDate "2018.10.21"]

1. e4 c5 2. Nf3 Nc6 3. d4 cxd4 4. Nxd4 g6 5. c4 Bg7 6. Be3 Nf6 7. Nc3 O-O 8.
Be2 d6 9. O-O Bd7 10. Qd2 Nxd4 11. Bxd4 Bc6 12. f3 Nd7 13. Be3 a5 14. b3 Nc5
15. Rab1 Qb6 16. Rfc1 Rfc8 17. Bf1 h5 18. Rc2 Qd8 19. a3 Kh7 20. b4 axb4 21.
axb4 Ne6 22. Nd5 Ra3 23. Kh1 Rca8 24. f4 Ra1 25. Rxa1 Rxa1 26. Rc1 Rxc1 27.
Qxc1 Nd4 28. Qd1 Bxd5 29. Bxd4 Bc6 30. Bxg7 Kxg7 31. Qd4+ f6 32. e5 Qc7 33.
exf6+ exf6 34. Qe3 b6 35. Qd4 Bb7 36. Kg1 Qc6 37. Qe3 Qc7 38. Bd3 Kf7 39. f5 g5
40. Be2 Qe7 41. Bxh5+ Kf8 42. Qxe7+ Kxe7 43. Be2 Be4 44. g4 d5 45. cxd5 Bxd5
46. Kf2 Kd6 47. Kg3 Be4 48. h4 gxh4+ 49. Kxh4 Ke5 50. Kh5 Bb1 51. Kg6 Bc2 52.
Kg7 Bb3 53. g5 fxg5 54. f6 Kd4 55. Kg6 Kc3 56. b5 Kb4 1-0

[Event "1. liga V 18/19, Ostrava-Gordic"]
[Site ""]
[Date "2018.11.25"]
[Round "3.6"]
[White "Kulovana, Eva"]
[Black "Mrva, Marek"]
[Result "1-0"]
[WhiteElo "2171"]
[BlackElo "2138"]
[PlyCount "0"]
[WhiteTeam "SK Gordic"]
[BlackTeam "TJ Ostrava"]
[EventDate "2018.10.21"]

1. e4 c5 2. Nf3 Nc6 3. Bb5 g6 4. Bxc6 bxc6 5. O-O Bg7 6. Re1 d6 7. c3 Nh6 8. h3
f6 9. d4 cxd4 10. cxd4 Nf7 11. Nc3 Qa5 12. d5 c5 13. Bd2 Bd7 14. Qc2 O-O 15.
Nd1 Qc7 16. Ne3 a5 17. a4 Ra7 18. Bc3 Ne5 19. Nxe5 fxe5 20. Nc4 Bh6 21. Rf1 Rf6
22. Kh2 e6 23. Bd2 exd5 24. Bxh6 dxc4 25. Qxc4+ Be6 26. Qc3 Rb7 27. f4 Rf7 28.
fxe5 Rb3 29. Qd2 dxe5 30. Rad1 Rb8 31. Rxf7 Bxf7 32. Qg5 Bc4 33. Qf6 Re8 34.
Rc1 Qf7 35. Qxf7+ Bxf7 36. Rxc5 Bb3 37. Rxa5 Kf7 38. Kg3 Kf6 39. Ra6+ Re6 40.
Rxe6+ Kxe6 41. a5 Bc4 42. Kf3 Kd6 43. Bg7 Bd3 44. h4 Bc4 45. g4 h5 46. g5 Bb5
47. Ke3 Ba6 48. Kd2 Bb5 49. Kc3 Ba6 50. Bf8+ Kc6 51. Be7 Kd7 52. Bf6 Kd6 53.
Bd8 Bb7 54. Kd3 Ba6+ 55. Ke3 Bb5 56. Bb6 Ba6 57. Ba7 Bb5 58. Bb8+ Ke6 59. Kd2
Bc6 60. Kd3 Bb7 61. b4 Ba6+ 62. Kc3 Bb5 63. Kb3 Bd3 64. Ka4 Bxe4 65. b5 Bd3 66.
a6 Bc4 67. Ka5 e4 68. b6 e3 69. b7 e2 70. Bg3 1-0

[Event "1. liga V 18/19, Ostrava-Gordic"]
[Site ""]
[Date "2018.11.25"]
[Round "3.7"]
[White "Splichal, Stanislav"]
[Black "Haba, Zdenek"]
[Result "1/2-1/2"]
[WhiteElo "2175"]
[BlackElo "2163"]
[PlyCount "0"]
[WhiteTeam "TJ Ostrava"]
[BlackTeam "SK Gordic"]
[EventDate "2018.10.21"]

1. Nf3 g6 2. d4 Bg7 3. g3 d6 4. Bg2 f5 5. O-O Nf6 6. c4 O-O 7. Nc3 Nc6 8. d5
Na5 9. Qa4 c5 10. dxc6 Nxc6 11. Rd1 Qa5 12. Qb3 Qb4 13. Qxb4 Nxb4 14. Bd2 Nc6
15. Rac1 Bd7 16. b3 Rac8 17. Ne1 b6 18. Nd3 Rfd8 19. Nf4 Kf7 20. h4 Ne5 21.
Nfd5 Nxd5 22. Bxd5+ e6 23. Bg2 Bf6 24. Bf4 Ke7 25. a4 Bc6 26. Nb5 Bxg2 27. Kxg2
a6 28. Nd4 Nf7 29. Nf3 h6 30. Be3 Rb8 31. Rd3 Rdc8 32. Rcd1 Rb7 33. R1d2 Rc6
34. Nd4 Bxd4 35. Bxd4 Rd7 36. f4 h5 37. a5 bxa5 38. Ra2 e5 39. Be3 Rb7 40. Rxa5
e4 41. Rc3 Nd8 42. g4 hxg4 43. h5 Ke6 44. hxg6 Rg7 45. b4 Rxg6 46. Rca3 Rxc4
47. Rxa6 Rg7 48. b5 Rc2 49. Ra8 Nb7 50. Bd4 Rh7 51. Ra2 Rxa2 52. Rxa2 Kd5 53.
Be3 Kc4 54. b6 Kb5 55. Ra8 Rh3 56. Bd4 1/2-1/2

[Event "1. liga V 18/19, Ostrava-Gordic"]
[Site ""]
[Date "2018.11.25"]
[Round "3.8"]
[White "Zigo, Viktor"]
[Black "Vesely, Martin"]
[Result "1/2-1/2"]
[WhiteElo "2272"]
[BlackElo "2073"]
[PlyCount "0"]
[WhiteTeam "SK Gordic"]
[BlackTeam "TJ Ostrava"]
[EventDate "2018.10.21"]

1. e4 c5 2. Nf3 d6 3. g3 Nf6 4. d3 e5 5. Bg2 Be7 6. O-O O-O 7. Re1 Nc6 8. c3
Bg4 9. h3 Be6 10. d4 cxd4 11. cxd4 d5 12. exd5 Nxd5 13. Nc3 Nxc3 14. bxc3 exd4
15. cxd4 Bf6 16. Be3 Bd5 17. Qa4 Qa5 18. Qxa5 Nxa5 19. Ne5 Bxg2 20. Kxg2 Rfd8
21. Rad1 h5 22. f4 Rd5 23. Rc1 Bxe5 24. dxe5 Nc6 25. Red1 Rad8 26. Rxd5 Rxd5
27. Kf3 Ra5 28. Rc2 Ra3 29. Ke4 Ra4+ 30. Kf5 Ra3 31. Bf2 h4 32. gxh4 Rxh3 33.
Kg4 Ra3 34. Bc5 Ra4 35. Bd6 a6 36. h5 Kh7 37. a3 Kh6 38. Rc3 Rd4 39. Rc2 Rd1
40. Bc5 Rh1 41. Be3 Rxh5 42. f5+ g5 43. Rc5 Rh4+ 44. Kf3 Nd4+ 45. Bxd4 Rxd4 46.
Ke3 Ra4 47. Rc7 Rxa3+ 48. Ke4 Ra4+ 49. Kd5 Ra5+ 50. Ke4 Ra4+ 51. Kd5 Ra5+ 52.
Ke4 1/2-1/2

[Event "1. liga V 18/19, SM-Hostalkova"]
[Site ""]
[Date "2018.11.25"]
[Round "3.2"]
[White "Roubalik, Jakub"]
[Black "Husek, Martin"]
[Result "1/2-1/2"]
[WhiteElo "2410"]
[BlackElo "2154"]
[PlyCount "0"]
[WhiteTeam "Sachy Hostalkova"]
[BlackTeam "SK Stare Mesto"]
[EventDate "2018.10.21"]

1. d4 Nf6 2. c4 e6 3. Nc3 Bb4 4. e3 O-O 5. Nge2 d5 6. a3 Bd6 7. Ng3 Re8 8. Bd3
dxc4 9. Bxc4 e5 10. dxe5 Bxe5 11. Qxd8 Rxd8 12. Bd2 Nbd7 13. f4 Bxc3 14. Bxc3
Re8 15. Bd4 c5 16. Bxf6 Nxf6 17. Kd2 Bd7 18. Rhe1 Rad8 19. Kc3 Bc6 20. e4 Bxe4
21. Re2 Bc6 22. Rae1 Bxg2 23. Re7 Rxe7 24. Rxe7 Nd5+ 25. Bxd5 Bxd5 26. Nf5 Kf8
27. Rc7 g6 28. Ne3 Bc6 29. Nc4 Rd4 30. Ne5 Rxf4 31. Nxc6 bxc6 32. Rxa7 Re4 33.
Rc7 f5 34. Rxc6 f4 35. Kd3 Re3+ 36. Kd2 Rb3 37. Kc2 Rh3 38. Rf6+ Ke7 39. Rxf4
Rxh2+ 40. Kc3 Ke6 41. a4 Ke5 42. Rf7 Rh1 43. Kc4 Rc1+ 44. Kb5 h5 45. a5 Rb1 46.
Rf2 Ra1 47. Rc2 g5 48. Rxc5+ Kf4 49. a6 Ra2 50. b3 Ra3 51. Rc4+ Kg3 52. Ra4
Rxb3+ 53. Kc6 Rb8 54. a7 Ra8 55. Ra3+ Kh4 56. Kb7 Rxa7+ 57. Rxa7 g4 58. Kc6 Kh3
59. Kd5 g3 60. Ke4 g2 61. Rg7 Kh2 62. Kf3 g1=Q 1/2-1/2

[Event "1. liga V 18/19, SM-Hostalkova"]
[Site ""]
[Date "2018.11.25"]
[Round "3.3"]
[White "Sosna, Jan"]
[Black "Motuz, Karol"]
[Result "1-0"]
[WhiteElo "2352"]
[BlackElo "2367"]
[PlyCount "0"]
[WhiteTeam "SK Stare Mesto"]
[BlackTeam "Sachy Hostalkova"]
[EventDate "2018.10.21"]

1. d4 d5 2. Bf4 Nf6 3. e3 c5 4. c3 Nc6 5. Nd2 e6 6. Ngf3 Bd6 7. Bg3 Bxg3 8.
hxg3 Qd6 9. Bd3 e5 10. dxc5 Qxc5 11. e4 Be6 12. Ng5 Qe7 13. Nxe6 Qxe6 14. Qb3
O-O-O 15. Rd1 Kb8 16. O-O Rhe8 17. Rfe1 Re7 18. exd5 Nxd5 19. Nf3 h6 20. Be4
Red7 21. Rd2 Nce7 22. Bxd5 Rxd5 23. Rxe5 Qb6 24. Rdxd5 Nxd5 25. Rxd5 Rxd5 26.
Qxd5 1-0

[Event "1. liga V 18/19, SM-Hostalkova"]
[Site ""]
[Date "2018.11.25"]
[Round "3.5"]
[White "Dobes, Vojtech"]
[Black "Kula, Dominik"]
[Result "1/2-1/2"]
[WhiteElo "2213"]
[BlackElo "2224"]
[PlyCount "0"]
[WhiteTeam "SK Stare Mesto"]
[BlackTeam "Sachy Hostalkova"]
[EventDate "2018.10.21"]

1. e4 e5 2. Nf3 Nc6 3. Bb5 a6 4. Ba4 Nf6 5. O-O b5 6. Bb3 Be7 7. Re1 O-O 8. h3
d6 9. c3 Nb8 10. d4 Nbd7 11. Nbd2 Bb7 12. Bc2 Re8 13. Nf1 Bf8 14. Ng3 g6 15. a4
Bg7 16. Bg5 1/2-1/2

[Event "1. liga V 18/19, SM-Hostalkova"]
[Site ""]
[Date "2018.11.25"]
[Round "3.6"]
[White "Krejca, Jakub"]
[Black "Zpevakova, Jana"]
[Result "1-0"]
[WhiteElo "2155"]
[BlackElo "2052"]
[PlyCount "0"]
[WhiteTeam "Sachy Hostalkova"]
[BlackTeam "SK Stare Mesto"]
[EventDate "2018.10.21"]

1. e4 c6 2. d4 d5 3. exd5 cxd5 4. Bd3 Nc6 5. c3 Nf6 6. h3 e6 7. Nf3 Bd6 8. O-O
O-O 9. Bg5 e5 10. dxe5 Nxe5 11. Nxe5 Bxe5 12. Nd2 Qb6 13. Nf3 Bc7 14. Qb3 Qd6
15. Rad1 Bd7 16. Bxf6 Qxf6 17. Qxd5 Bc6 18. Qg5 Bxf3 19. Qxf6 gxf6 20. gxf3
Rad8 21. Rfe1 Be5 22. Bb5 Rxd1 23. Rxd1 Rc8 24. Kf1 Rc7 25. Ke2 a6 26. Ba4 b5
27. Bb3 a5 28. Rd5 Rb7 29. Kd3 Kf8 30. Rd8+ Ke7 31. Ra8 Rd7+ 32. Ke3 Bc7 33.
Rh8 a4 34. Bc2 Bb6+ 35. Ke2 h6 36. Rxh6 a3 37. bxa3 Rc7 38. Bb3 Bc5 39. a4 bxa4
40. Bxa4 Bd6 41. Bb3 Kf8 42. c4 Re7+ 43. Kf1 Kg7 44. Rh4 Bb4 45. Re4 Rd7 46.
Re2 Rd8 47. Ba4 Ra8 48. Bb5 Ra3 49. Kg2 Kg6 50. Rc2 Bc5 51. Bc6 f5 52. f4 Bd6
53. c5 Bxf4 54. Bd5 Ra5 55. Bb3 Bc7 56. c6 f6 57. Rc4 Re5 58. a4 Kh6 59. Bd1
Kg6 60. Bf3 Ra5 61. Rb4 Bd6 62. Rd4 Be5 63. Rb4 Bd6 64. Rh4 f4 65. Rh8 Rxa4 66.
Rd8 Be5 67. Rd7 Rc4 68. Bd5 Rc5 69. Be4+ f5 70. Bf3 Kg5 71. Rd5 Rxd5 72. Bxd5
Bc7 73. Be6 Kf6 74. Bd7 Ke5 75. Kf3 Bd8 76. Ke2 Kd6 77. f3 Bh4 78. Kd3 Bd8 79.
Kc4 Bf6 80. Kb5 Bh4 81. Bxf5 Bd8 82. Bd7 Kc7 83. Kc5 1-0

[Event "1. liga V 18/19, SM-Hostalkova"]
[Site ""]
[Date "2018.11.25"]
[Round "3.7"]
[White "Bazant, Petr"]
[Black "Malcanek, Jan"]
[Result "1-0"]
[WhiteElo "2231"]
[BlackElo "2120"]
[PlyCount "0"]
[WhiteTeam "SK Stare Mesto"]
[BlackTeam "Sachy Hostalkova"]
[EventDate "2018.10.21"]

1. d4 Nf6 2. c4 e6 3. g3 c5 4. Nf3 cxd4 5. Nxd4 a6 6. Bg2 Qc7 7. b3 Bb4+ 8. Bd2
Be7 9. O-O Nc6 10. Bc3 O-O 11. e4 d6 12. Qe2 Bd7 13. Nd2 Rac8 14. Rad1 Rfe8 15.
Rfe1 Nxd4 16. Bxd4 Bc6 17. e5 dxe5 18. Bxe5 Qa5 19. Bxc6 Rxc6 20. Nf3 Rcc8 21.
a4 Red8 22. Rxd8+ Rxd8 23. Rd1 Kf8 24. Kg2 Qb6 25. Rd3 Ng4 26. Bd4 Qc7 27. Qe4
Nf6 28. Bxf6 Bxf6 29. Qxh7 g6 30. Qh6+ Ke7 31. Qd2 Ke8 32. Rxd8+ Bxd8 33. Qd3
Bf6 34. h4 Qc6 35. Kf1 Ke7 36. Ke2 e5 37. Nd2 Bg7 38. Qe4 Qb6 39. Qd5 Qc6 40.
Qxc6 bxc6 41. Ne4 Bf8 42. Nc5 Kd8 43. Nd3 f6 44. g4 Kd7 45. Ke3 Ke6 46. f4
exf4+ 47. Nxf4+ Kf7 48. Ke4 Be7 49. h5 gxh5 50. gxh5 Bf8 51. Kf5 c5 52. Nd5 Bg7
53. Nc7 1-0

[Event "1. liga V 18/19, SM-Hostalkova"]
[Site ""]
[Date "2018.11.25"]
[Round "3.8"]
[White "Mitura, Karel"]
[Black "Horsak, Jan"]
[Result "0-1"]
[WhiteElo "2162"]
[BlackElo "2025"]
[PlyCount "0"]
[WhiteTeam "Sachy Hostalkova"]
[BlackTeam "SK Stare Mesto"]
[EventDate "2018.10.21"]

1. e4 d6 2. d4 Nf6 3. Nc3 g6 4. g3 Bg7 5. Bg2 O-O 6. Nge2 c6 7. O-O Na6 8. h3
e5 9. Be3 Be6 10. Qd2 b5 11. f4 b4 12. Nd1 Bc4 13. Re1 Nh5 14. Kh2 Nc7 15. f5
Nb5 16. c3 Rb8 17. Bf3 Bxe2 18. Rxe2 bxc3 19. bxc3 exd4 20. cxd4 c5 21. Bxh5
Nxd4 22. Rf2 gxh5 23. Nc3 Qf6 24. Rc1 Qe5 25. Bf4 Qe7 26. Re1 Qd7 27. f6 Bxf6
28. Nd5 Bg7 29. Bh6 Ne6 30. Bxg7 Kxg7 31. Rf6 Qa4 32. Re2 Qd4 33. Qh6+ Kh8 34.
Qxh5 Rb1 35. Rg2 Qa1 36. g4 Rh1+ 37. Kg3 Qe1+ 38. Rgf2 Rg1+ 39. Kh4 Rg2 40. Qf5
Rxf2 41. Qxf2 Qxe4 42. Rf5 Nd4 43. Rxf7 Nf3+ 44. Rxf3 Rxf3 45. Qb2+ Qe5 46.
Qb8+ Kg7 47. Qxa7+ Kh6 0-1

[Event "1. liga V 18/19, Jundrov-Hostalkova"]
[Site ""]
[Date "2018.12.09"]
[Round "4.1"]
[White "Bures, Jaroslav"]
[Black "Pala, Vladimir"]
[Result "1/2-1/2"]
[WhiteElo "2388"]
[BlackElo "2224"]
[PlyCount "0"]
[WhiteTeam "Jezdci Jundrov"]
[BlackTeam "Sachy Hostalkova"]
[EventDate "2018.10.21"]

1. d4 Nf6 2. c4 c5 3. d5 e5 4. Nc3 d6 5. e4 Be7 6. h3 O-O 7. Bd3 a6 8. Nge2 Ne8
9. a3 Bg5 10. b4 Bxc1 11. Qxc1 Nd7 12. h4 b6 13. Ng3 Ndf6 14. Rb1 Ra7 15. f3 h6
16. Nge2 Nh7 17. g4 f6 18. bxc5 bxc5 19. Bc2 Rff7 20. Ba4 Rfb7 21. Kd2 Rxb1 22.
Qxb1 Rb7 23. Qc2 Kf7 24. Bc6 Rb8 25. Rb1 Rxb1 26. Qxb1 Qc7 27. Na4 Bd7 28. Bxd7
Qxd7 29. Nb6 Qb7 30. a4 Nf8 31. Nc3 Ke7 32. a5 Kd8 33. h5 Nd7 34. Nxd7 Qxb1 35.
Nxb1 Kxd7 36. Nc3 Ke7 37. Nd1 Kf7 38. Ne3 Ke7 39. Nf5+ Kf7 40. Ke3 Kf8 41. Nh4
Kf7 42. Ng6 Nc7 43. f4 Ne8 44. Kf3 Nc7 45. Kg3 Ne8 46. Kh4 Nc7 47. Kh3 Ne8 48.
Kg3 Nc7 49. Nh4 Ne8 50. Nf5 Kf8 51. Kh4 exf4 52. Kh3 Kf7 53. Nh4 f5 54. Nxf5
Kf6 55. Kg2 Ke5 56. Kf3 Nf6 57. Nxg7 1/2-1/2

[Event "1. liga V 18/19, Jundrov-Hostalkova"]
[Site ""]
[Date "2018.12.09"]
[Round "4.2"]
[White "Kula, Dominik"]
[Black "Buchnicek, Petr"]
[Result "0-1"]
[WhiteElo "2225"]
[BlackElo "2334"]
[PlyCount "0"]
[WhiteTeam "Sachy Hostalkova"]
[BlackTeam "Jezdci Jundrov"]
[EventDate "2018.10.21"]

1. e4 d5 2. exd5 Nf6 3. d4 Nxd5 4. c4 Nb6 5. Nc3 e5 6. d5 Bb4 7. Bd3 O-O 8.
Nge2 Bg4 9. f3 Bh5 10. O-O Bc5+ 11. Kh1 f5 12. b3 N8d7 13. Bb2 Bg6 14. Qc2 Qh4
15. Ng3 e4 16. fxe4 Bd6 17. Nce2 Rae8 18. exf5 Rxe2 19. Bxe2 Bxg3 20. h3 Bf7
21. Rad1 Bd6 22. Qc3 Be5 23. Qc2 Re8 24. Bf3 Bd6 25. Bd4 Qg3 26. Bg1 Nc8 27.
Qf2 b6 28. Qxg3 Bxg3 29. Bh2 Be5 30. Rde1 Nd6 31. g4 Bc3 32. Rxe8+ Bxe8 33. Rc1
Bb4 34. Kg2 g6 35. fxg6 Bxg6 36. h4 Nc5 37. h5 Bd3 38. Bg1 Nde4 39. Bh2 Nd6 40.
Be5 a5 41. Bc3 Bxc3 42. Rxc3 Kg7 43. Rc1 {=} Kf6 44. Kf2 h6 45. Ke3 Ke5 46. Rd1
Bh7 47. Rg1 a4 48. Bd1 Bb1 49. g5 Nf5+ 50. Kd2 hxg5 51. bxa4 Ne4+ 52. Kc1 Bxa2
53. c5 Bxd5 54. cxb6 cxb6 55. Bc2 Nfg3 56. Bxe4 Nxe4 57. Rf1 Nf6 58. h6 g4 59.
Kd2 g3 60. Kc3 g2 61. Re1+ Kf4 62. Kb4 Bc6 63. a5 bxa5+ 64. Kxa5 Kf3 65. Re6
Nh7 66. Rg6 Be4 67. Rxg2 Kxg2 68. Kb4 Kf3 69. Kc5 Kf4 70. Kd4 Bf5 71. Kd5 Nf6+
72. Kd4 Ng4 73. h7 Bxh7 74. Kd5 Ke3 75. Kc5 Bg8 76. Kd6 Kd4 77. Kc6 Ne3 78. Kb5
Bc4+ 79. Kc6 Nf5 80. Kb6 Kd5 81. Ka5 Kc5 82. Ka4 Ne3 83. Ka3 Nd1 84. Ka4 Nf2
85. Ka3 Nd3 86. Ka4 Be6 87. Ka3 Kc4 88. Ka2 Kc3+ 89. Ka1 Nb4 90. Kb1 Nc2 91.
Kc1 Ba2 92. Kd1 Nd4 93. Kc1 Ne2+ 94. Kd1 Kd3 95. Ke1 Ke3 96. Kd1 Bb3+ 97. Ke1
Nf4 98. Kf1 Ba4 99. Ke1 Ng2+ 100. Kf1 Kf3 101. Kg1 Kg3 102. Kh1 Nf4 103. Kg1
Bb5 104. Kh1 Be2 105. Kg1 Nh3+ 106. Kh1 Bf3# 0-1

[Event "1. liga V 18/19, Jundrov-Hostalkova"]
[Site ""]
[Date "2018.12.09"]
[Round "4.3"]
[White "Pisk, Petr"]
[Black "Karlik, Ondrej"]
[Result "1/2-1/2"]
[WhiteElo "2332"]
[BlackElo "2190"]
[PlyCount "0"]
[WhiteTeam "Jezdci Jundrov"]
[BlackTeam "Sachy Hostalkova"]
[EventDate "2018.10.21"]

1. d4 f5 2. Nc3 Nf6 3. Bg5 e6 4. e4 fxe4 5. Nxe4 Be7 6. Bxf6 Bxf6 7. Nf3 b6 8.
Bd3 Bb7 9. Qe2 Qe7 10. c3 Nc6 11. Ba6 Bxa6 12. Qxa6 O-O 13. O-O Nd8 14. Rad1
Nf7 15. Rfe1 Nd6 16. Qd3 Rae8 17. d5 Nxe4 18. Rxe4 Qf7 19. Rc4 d6 20. Kf1
1/2-1/2

[Event "1. liga V 18/19, Jundrov-Hostalkova"]
[Site ""]
[Date "2018.12.09"]
[Round "4.4"]
[White "Krejca, Jakub"]
[Black "Fiala, Vaclav"]
[Result "0-1"]
[WhiteElo "2170"]
[BlackElo "2312"]
[PlyCount "0"]
[WhiteTeam "Sachy Hostalkova"]
[BlackTeam "Jezdci Jundrov"]
[EventDate "2018.10.21"]

1. e4 d6 2. d4 g6 3. Be3 Bg7 4. Nc3 c6 5. Qd2 b5 6. O-O-O Nd7 7. f3 b4 8. Nce2
a5 9. Kb1 Ba6 10. g4 Nb6 11. Ng3 Bxf1 12. Nxf1 c5 13. Qe2 c4 14. f4 Nf6 15. Ng3
O-O 16. g5 Nfd7 17. h4 c3 18. h5 Re8 19. f5 cxb2 20. hxg6 hxg6 21. Rf1 Qc7 22.
Qh2 Nf8 23. f6 Nc4 24. fxg7 Na3+ 25. Kxb2 Qc3+ 26. Kc1 Qxe3+ 27. Qd2 Qxd2+ 28.
Kxd2 Kxg7 29. c3 bxc3+ 30. Kxc3 Rec8+ 31. Kd3 Ne6 32. Nf3 Nf4+ 33. Ke3 Ng2+ 34.
Kd3 Nc2 35. e5 Nb4+ 36. Ke2 Nf4+ 37. Ke3 Nfd5+ 38. Ke4 Rc3 39. Re1 Rac8 40. Rh3
Ra3 41. Nh4 Rcc3 42. Ngf5+ gxf5+ 43. Nxf5+ Kg8 44. exd6 exd6 45. Rh4 Rh3 46.
Rxh3 Rxh3 47. Nxd6 Rh4+ 48. Kf3 Rxd4 49. Re8+ Kh7 50. Ra8 Nb6 51. g6+ Kxg6 52.
Rd8 Nc6 0-1

[Event "1. liga V 18/19, Jundrov-Hostalkova"]
[Site ""]
[Date "2018.12.09"]
[Round "4.5"]
[White "Novosadova, Kristyna"]
[Black "Mitura, Karel"]
[Result "1/2-1/2"]
[WhiteElo "2229"]
[BlackElo "2147"]
[PlyCount "0"]
[WhiteTeam "Jezdci Jundrov"]
[BlackTeam "Sachy Hostalkova"]
[EventDate "2018.10.21"]

1. e4 c5 2. Nf3 a6 3. Nc3 b5 4. a4 b4 5. Ne2 e6 6. d4 Bb7 7. Ng3 Nf6 8. e5 Nd5
9. Be2 Nc6 10. dxc5 Qc7 11. Ne4 Nxe5 12. Qd4 Nc6 13. Qd2 f5 14. Nd6+ Bxd6 15.
cxd6 Qxd6 16. c4 bxc3 17. bxc3 Qc5 18. c4 Nf6 19. O-O a5 20. Ba3 Nb4 21. Rfb1
Ne4 22. Qd4 O-O 23. Qxc5 Nxc5 24. Bxb4 axb4 25. Rxb4 Bc6 26. a5 Ra6 27. Ne5
Rfa8 28. Rab1 Kf8 29. Nxc6 dxc6 30. Bf3 Rxa5 31. Bxc6 Rc8 32. Rb5 Ra6 33. Bf3
Ke7 34. h4 Ra2 35. R1b2 Rxb2 36. Rxb2 Nd3 37. Rb7+ Kf6 38. Be2 Ne5 39. Rb4 Nc6
40. Rb7 Ne5 41. Rb4 Nc6 42. Rb7 Rb8 43. Rxb8 Nxb8 44. f4 Ke7 45. Kf2 Kd6 46.
Ke3 Kc5 47. Kd3 Nd7 48. g4 Nf6 49. gxf5 exf5 50. Bf3 g6 51. Be2 Ne4 52. Bf3 Nf6
53. Be2 Ne4 54. Bf3 Nf6 1/2-1/2

[Event "1. liga V 18/19, Jundrov-Hostalkova"]
[Site ""]
[Date "2018.12.09"]
[Round "4.6"]
[White "Hodovsky, Jiri"]
[Black "Musil, Jiri"]
[Result "1/2-1/2"]
[WhiteElo "2123"]
[BlackElo "2200"]
[PlyCount "0"]
[WhiteTeam "Sachy Hostalkova"]
[BlackTeam "Jezdci Jundrov"]
[EventDate "2018.10.21"]

1. Nf3 Nf6 2. g3 b5 3. d3 Bb7 4. Bg2 c5 5. O-O g6 6. Nbd2 Bg7 7. c3 O-O 8. a4
a6 9. Qb3 Bd5 10. c4 bxc4 11. Nxc4 Nc6 12. Qb6 Bxc4 13. Qxd8 Rfxd8 14. dxc4 Na5
15. Ne5 Rab8 16. Bd2 Nb3 17. Rad1 Ne8 18. Bc3 Bxe5 19. Bxe5 Rb4 20. Bc3 Rb6 21.
Rd3 d6 22. f4 Nc7 23. f5 g5 24. h4 gxh4 25. gxh4 f6 26. Rg3+ Kf7 27. e3 Rbb8
28. Bf3 Rg8 29. Bh5+ Kf8 30. Rxg8+ Kxg8 31. Kf2 d5 32. cxd5 Nxd5 33. Be2 Kg7
34. Bxa6 Nxc3 35. bxc3 Nd2 36. Rg1+ Kh6 37. Rg4 Rb2 38. Be2 Nb1 39. Rc4 Nd2 40.
Rf4 1/2-1/2

[Event "1. liga V 18/19, Jundrov-Hostalkova"]
[Site ""]
[Date "2018.12.09"]
[Round "4.7"]
[White "Hosek, Martin"]
[Black "Vraj, Ondrej"]
[Result "1-0"]
[WhiteElo "2147"]
[BlackElo "1993"]
[PlyCount "0"]
[WhiteTeam "Jezdci Jundrov"]
[BlackTeam "Sachy Hostalkova"]
[EventDate "2018.10.21"]

1. d4 d5 2. c4 c6 3. Nf3 Bf5 4. Nc3 Nf6 5. e3 e6 6. Bd3 Bxd3 7. Qxd3 Nbd7 8.
O-O Bd6 9. e4 dxe4 10. Nxe4 Nxe4 11. Qxe4 Nf6 12. Qe2 O-O 13. Bg5 Be7 14. Rfd1
Qc7 15. Bh4 Nh5 16. Bxe7 Qxe7 17. d5 cxd5 18. cxd5 Nf4 19. Qe5 Ng6 20. d6 Qd7
21. Qd4 Rfc8 22. h4 f6 23. h5 Nf8 24. h6 Ng6 25. Rac1 b6 26. hxg7 Kxg7 27. Nh2
e5 28. Qg4 f5 29. Qb4 Nf4 30. Qd2 Kh8 31. Nf3 e4 32. Qxf4 exf3 33. Qxf3
Rab8 34. Qf4 Rxc1 35. Rxc1 Rd8 36. Qe5+ Qg7 37. Qxf5 Qxb2 38. Rc7 1-0

[Event "1. liga V 18/19, Jundrov-Hostalkova"]
[Site ""]
[Date "2018.12.09"]
[Round "4.8"]
[White "Vraj, Karel"]
[Black "Slepov, Kyryl"]
[Result "0-1"]
[WhiteElo "1958"]
[BlackElo "2140"]
[PlyCount "0"]
[WhiteTeam "Sachy Hostalkova"]
[BlackTeam "Jezdci Jundrov"]
[EventDate "2018.10.21"]

1. e4 e5 2. Nf3 Nf6 3. Nxe5 d6 4. Nf3 Nxe4 5. d3 Nf6 6. Be2 Be7 7. O-O O-O 8.
Re1 Re8 9. Nbd2 d5 10. d4 Bf5 11. Nf1 Ne4 12. Ne3 Be6 13. Bd3 c6 14. Nd2 Nxd2
15. Bxd2 Nd7 16. c3 Nf6 17. Nf5 Bf8 18. Qf3 Qd7 19. Re5 Ne4 20. Qh3 f6 21. Rxe6
Rxe6 22. f3 Nxd2 23. Rd1 Nc4 24. b3 Nb2 25. Nh6+ gxh6 26. Bf5 Rae8 27. Rd2 Re1+
28. Kf2 Qe7 0-1

[Event "1. liga V 18/19, Gordic-SM"]
[Site ""]
[Date "2018.12.09"]
[Round "4.1"]
[White "Haba, Petr"]
[Black "Kanovsky, David"]
[Result "1/2-1/2"]
[WhiteElo "2445"]
[BlackElo "2425"]
[PlyCount "0"]
[WhiteTeam "SK Gordic"]
[BlackTeam "SK Stare Mesto"]
[EventDate "2018.10.21"]

1. d4 Nf6 2. c4 c5 3. d5 e6 4. Nc3 exd5 5. cxd5 d6 6.
Nf3 g6 7. Nd2 Bg7 8. e4 O-O 9. Be2 Na6 10. O-O Ne8 11. Nc4 f5 12. exf5 Bxf5 13.
Bf4 Nb4 14. Qd2 Qd7 15. Ne3 Bd3 16. Bg3 Bxe2 17. Qxe2 Nf6 18. a3 Na6 19. Qb5
Rad8 20. Nc4 Qxb5 21. Nxb5 Nxd5 22. Bxd6 Rfe8 23. Rae1 Nb6 24. Nxb6 axb6 25. b3
Rxe1 26. Rxe1 Bf8 27. Bxf8 Kxf8 28. Kf1 Rd3 29. Re3 Rxe3 30. fxe3 Ke7 31. Ke2
Nb8 32. Nc3 Kd6 33. Kd3 Kc6 34. a4 Na6 35. Ke4 c4 36. bxc4 Kc5 37. Nd5 Kxc4 38.
Nxb6+ Kc5 39. Nd5 Kc4 40. Nb6+ Kc5 41. Nd7+ Kd6 42. Nf8 Nc5+ 43. Kd4 Nxa4 44.
Nxh7 b5 45. Nf8 b4 46. Nxg6 b3 47. Ne5 b2 48. Nc4+ Kc6 49. Na3 Kd6 50. Nb1 Nc5
51. h4 Nd7 52. Nd2 Ke6 53. Kc3 Kf5 54. Kxb2 Kg4 55. Nf3 Nf6 56. Kc3 Kg3 57. Kd4
Kxg2 58. Ng5 Nh5 59. e4 Kg3 60. e5 Kxh4 61. Ne6 Ng3 62. Kd5 Nf5 63. Nd4 Ng7 64.
Kd6 Kg4 65. Ne6 Nf5+ 66. Kd7 Kf3 67. Nc5 Ng7 68. Ke7 Kf4 69. Nd3+ Kf5 70. Kf7
1/2-1/2